[Event "DEN-ch sf7"]
[Site "Svendborg"]
[Date "2024.03.29"]
[Round "1"]
[White "Aagaard, Gert"]
[Black "Bonnez, Finn"]
[Result "1-0"]
[WhiteElo "2006"]
[BlackElo "1917"]
[PlyCount "45"]
[EventDate "2024.03.29"]
[EventType "swiss"]
[EventRounds "7"]
[EventCountry "DEN"]
[SourceTitle "CB16_2024"]
[SourceDate "2024.04.17"]
[SourceVersion "1"]
[SourceVersionDate "2024.04.17"]
[SourceQuality "1"]

1. d4 f5 2. Nc3 e6 3. e4 d5 4. exf5 exf5 5. Bd3 c6 6. Qf3 Qf6 7. Nge2 Bd6 8. h4 Ne7 9. Bg5 Qf7 10. 0-0-0 0-0 11. Bf4 Bxf4+ 12. Nxf4 Nd7 13. Qg3 Nf6 14. f3 c5 15. Nb5 Nc6 16. Nd6 Qc7 17. dxc5 Nb4 18. Qf2 Qa5 19. a3 Nxd3+ 20. Rxd3 b6 21. Nxd5 bxc5 22. Ne7+ Kh8 23. Qxc5 1-0

[Event "Prague Summer op-B 4th"]
[Site "Prague"]
[Date "2017.08.08"]
[Round "6"]
[White "Veselsky, Jan"]
[Black "Bonnez, Finn"]
[Result "1/2-1/2"]
[WhiteElo "1658"]
[BlackElo "1912"]
[PlyCount "61"]
[EventDate "2017.08.04"]
[EventType "swiss"]
[EventRounds "9"]
[EventCountry "CZE"]
[SourceTitle "EXT 2019"]
[Source "ChessBase"]
[SourceDate "2018.10.10"]
[SourceVersion "1"]
[SourceVersionDate "2018.10.10"]
[SourceQuality "1"]

1. d4 c5 2. Nf3 Nf6 3. c4 cxd4 4. Nxd4 g6 5. Nc3 d6 6. e4 Bg7 7. Be2 0-0 8. Be3 Nc6 9. 0-0 Bd7 10. h3 a6 11. Qd2 Rc8 12. Rad1 Kh8 13. Bh6 Qb6 14. Bxg7+ Kxg7 15. Nf3 h6 16. Nd5 Nxd5 17. cxd5 Na7 18. Rc1 f6 19. Nd4 Kh7 20. Kh1 Rxc1 21. Rxc1 Rc8 22. Rxc8 Bxc8 23. f4 Bd7 24. Nf3 Bb5 25. Bd1 Qc5 26. Nd4 Qc4 27. b3 Qd3 28. Nf3 Qxd2 29. Nxd2 Bd3 30. Kg1 Nb5 31. Bf3 1/2-1/2

[Event "DEN-ch Kort2 A"]
[Site "Skorping"]
[Date "2017.04.13"]
[Round "1"]
[White "Bonnez, Finn"]
[Black "Simonsen, Regnar"]
[Result "1-0"]
[WhiteElo "1948"]
[BlackElo "1741"]
[PlyCount "113"]
[EventDate "2017.04.13"]
[EventType "swiss"]
[EventRounds "5"]
[EventCountry "DEN"]
[SourceTitle "EXT 2018"]
[Source "ChessBase"]
[SourceDate "2017.10.13"]
[SourceVersion "1"]
[SourceVersionDate "2017.10.13"]
[SourceQuality "1"]

1. d4 d5 2. Nf3 Nf6 3. Bf4 e6 4. e3 Bd6 5. Bg3 0-0 6. Ne5 c5 7. c3 Nc6 8. f4 cxd4 9. exd4 Ne7 10. Nd2 Ng6 11. Bd3 Nd7 12. Ndf3 Qe8 13. Qd2 a5 14. h4 Nf6 15. h5 Ne7 16. Bf2 Ne4 17. Bxe4 dxe4 18. Ng5 f5 19. Qe2 Nd5 20. g3 Bxe5 21. dxe5 h6 22. Nh3 Bd7 23. Bc5 Rf7 24. c4 Ne7 25. 0-0 b5 26. b3 bxc4 27. bxc4 Qc8 28. Bxe7 Rxe7 29. Kh2 Qc5 30. Rac1 Bc6 31. Rfd1 Rd7 32. Rxd7 Bxd7 33. g4 Rb8 34. gxf5 exf5 35. Rc3 Qd4 36. Rb3 Rxb3 37. axb3 Bc6 38. Ng1 e3 39. Kg3 Qe4 40. Qf3 Qxf3+ 41. Nxf3 a4 42. bxa4 Bxa4 43. Nd4 Bd7 44. Kf3 e2 45. Kxe2 Be8 46. Nxf5 Bxh5+ 47. Kf2 Kf8 48. Kg3 Bf7 49. c5 Be6 50. Nd4 Bc8 51. f5 Ke8 52. Kh4 Kf7 53. Kh5 Ba6 54. c6 Bc8 55. Nb5 Bxf5 56. Nd6+ Ke6 57. Nxf5 1-0

[Event "Amager AMSF Gr1"]
[Site "Amager"]
[Date "2016.09.06"]
[Round "3"]
[White "Lunding, Peter M"]
[Black "Bonnez, Finn"]
[Result "1/2-1/2"]
[WhiteElo "1866"]
[BlackElo "1822"]
[PlyCount "45"]
[EventDate "2016.08.16"]
[EventType "tourn"]
[EventRounds "7"]
[EventCountry "DEN"]
[SourceTitle "EXT 2023"]
[Source "ChessBase"]
[SourceDate "2022.10.05"]
[SourceVersion "1"]
[SourceVersionDate "2022.10.05"]
[SourceQuality "1"]

1. d4 d5 2. Nf3 e6 3. c3 c5 4. e3 Nc6 5. Bd3 f5 6. 0-0 Nf6 7. Nbd2 c4 8. Bc2 Bd6 9. Ba4 Qc7 10. h3 0-0 11. Ne1 Ne7 12. f4 Rb8 13. a3 b5 14. Bc2 a5 15. Ndf3 Ne4 16. Ne5 b4 17. axb4 axb4 18. Bd2 b3 19. Bxe4 fxe4 20. g4 Bxe5 21. dxe5 g5 22. Ng2 Bd7 23. Qe2 1/2-1/2

[Event "Berlin Kreuzberg op"]
[Site "Berlin"]
[Date "2016.07.20"]
[Round "5"]
[White "Gebigke, Martin"]
[Black "Bonnez, Finn"]
[Result "1-0"]
[WhiteElo "2141"]
[BlackElo "1885"]
[PlyCount "111"]
[EventDate "2016.07.16"]
[EventType "swiss"]
[EventRounds "9"]
[EventCountry "GER"]
[SourceTitle "CBM 173 Extra"]
[Source "ChessBase"]
[SourceDate "2016.08.29"]
[SourceVersion "1"]
[SourceVersionDate "2016.08.29"]
[SourceQuality "1"]

1. d4 d5 2. c4 e6 3. Nf3 Nf6 4. g3 Be7 5. Bg2 0-0 6. 0-0 c6 7. Qc2 b6 8. b3 Bb7 9. Nc3 Nbd7 10. Rd1 Rc8 11. e4 dxe4 12. Nxe4 Nxe4 13. Qxe4 Nf6 14. Qc2 h6 15. Bb2 Qc7 16. c5 Nd5 17. a3 b5 18. Re1 Rfe8 19. Re2 Bf8 20. Rae1 a5 21. Ne5 Rcd8 22. Be4 Nf6 23. Bd3 g6 24. Re3 Bg7 25. Rf3 Rf8 26. Rfe3 Bc8 27. f4 Nd5 28. Rf3 Ne7 29. Qf2 Kh7 30. Qc2 Kg8 31. Rfe3 Nd5 32. R3e2 Ne7 33. h4 h5 34. Rg2 Nf5 35. Qf2 Bxe5 36. Rxe5 Nh6 37. Qe1 Bd7 38. d5 cxd5 39. Qc3 f6 40. Rg5 Be8 41. Rxg6+ Bxg6 42. Bxg6 d4 43. Qe1 Qxc5 44. Qxe6+ Kg7 45. Rc2 Qd5 46. Qxd5 Rxd5 47. Bd3 Re8 48. Rc7+ Kf8 49. a4 bxa4 50. Ba3+ Kg8 51. Bc4 Red8 52. Rc5 Kg7 53. Rxd5 Rxd5 54. Bxd5 axb3 55. Bxb3 Nf5 56. Kf2 1-0

[Event "Holbak Lovfald C"]
[Site "Holbak"]
[Date "2015.09.12"]
[Round "2"]
[White "Bonnez, Finn"]
[Black "Johansson, Roland"]
[Result "0-1"]
[WhiteElo "1976"]
[BlackElo "1995"]
[PlyCount "72"]
[EventDate "2015.09.11"]
[EventType "tourn"]
[EventRounds "5"]
[EventCountry "DEN"]
[SourceTitle "EXT 2024"]
[Source "ChessBase"]
[SourceDate "2023.10.10"]
[SourceVersion "1"]
[SourceVersionDate "2023.10.10"]
[SourceQuality "1"]

1. d4 f5 2. Nf3 Nf6 3. c4 d6 4. Nc3 g6 5. e3 Bg7 6. b3 0-0 7. Bb2 Nc6 8. Be2 a6 9. 0-0 h6 10. Qc2 Qe8 11. d5 Ne5 12. h3 g5 13. Nxe5 dxe5 14. f3 h5 15. e4 Qg6 16. Bd3 f4 17. Kf2 g4 18. hxg4 hxg4 19. Ne2 Nh5 20. Ke1 Kf7 21. Kd2 Rh8 22. Rg1 Ng3 23. Nxg3 fxg3 24. Rgf1 Rh2 25. fxg4+ Kg8 26. Kc3 Qb6 27. b4 a5 28. Qe2 axb4+ 29. Kc2 Qg6 30. Rf5 Bxf5 31. exf5 Qb6 32. Kb1 Qg1+ 33. Kc2 Qxg2 34. Qxg2 Rxg2+ 35. Kb3 Rxb2+ 36. Kxb2 e4+ 0-1

[Event "Prague Golden op 11th"]
[Site "Prague"]
[Date "2015.06.28"]
[Round "9"]
[White "Lhotsky, Zdenek"]
[Black "Bonnez, Finn"]
[Result "1/2-1/2"]
[WhiteElo "1538"]
[BlackElo "1971"]
[PlyCount "73"]
[EventDate "2015.06.21"]
[EventType "swiss"]
[EventRounds "9"]
[EventCountry "CZE"]
[SourceTitle "EXT 2017"]
[Source "ChessBase"]
[SourceDate "2016.10.25"]
[SourceVersion "1"]
[SourceVersionDate "2016.10.25"]
[SourceQuality "1"]

1. e4 d6 2. d4 g6 3. f4 Bg7 4. Nc3 Nd7 5. Nf3 c5 6. Be3 cxd4 7. Bxd4 Kf8 8. Bc4 Nb6 9. Bb3 Bg4 10. Bxg7+ Kxg7 11. Qd4+ f6 12. 0-0-0 Nh6 13. h3 Bxf3 14. gxf3 Qc7 15. h4 Qc5 16. Qd2 Nc4 17. Bxc4 Qxc4 18. h5 Nf7 19. Rdg1 Rhg8 20. hxg6 hxg6 21. Qh2 Kf8 22. Qh7 Rg7 23. Qh3 e6 24. Qh4 Ke7 25. f5 Rh8 26. Qf2 Rxh1 27. Rxh1 Qc5 28. Qg1 Qxg1+ 29. Rxg1 Ng5 30. f4 Nh3 31. Rxg6 Rxg6 32. fxg6 Nxf4 33. g7 Kf7 34. Nb5 d5 35. exd5 Nxd5 36. Nd6+ Kxg7 37. Nxb7 1/2-1/2

[Event "Prague Golden op 11th"]
[Site "Prague"]
[Date "2015.06.27"]
[Round "8"]
[White "Bonnez, Finn"]
[Black "Jelinek, Michal"]
[Result "0-1"]
[WhiteElo "1971"]
[BlackElo "2196"]
[PlyCount "130"]
[EventDate "2015.06.21"]
[EventType "swiss"]
[EventRounds "9"]
[EventCountry "CZE"]
[SourceTitle "EXT 2017"]
[Source "ChessBase"]
[SourceDate "2016.10.25"]
[SourceVersion "1"]
[SourceVersionDate "2016.10.25"]
[SourceQuality "1"]

1. Nf3 d5 2. d4 Nf6 3. Bf4 e6 4. e3 c5 5. c3 Nc6 6. Bd3 Bd6 7. Bg3 0-0 8. Nbd2 Qe7 9. Ne5 Nd7 10. Nxc6 bxc6 11. Bxd6 Qxd6 12. 0-0 e5 13. e4 f5 14. f4 fxe4 15. fxe5 Qh6 16. Nxe4 dxe4 17. Bc4+ Kh8 18. Qe2 e3 19. d5 Bb7 20. dxc6 Bxc6 21. e6 Nf6 22. Rae1 Nd5 23. Rxf8+ Rxf8 24. Bxd5 Bxd5 25. e7 Re8 26. c4 Bc6 27. Qxe3 Qxe3+ 28. Rxe3 Kg8 29. Re5 Bb7 30. Rxc5 Rxe7 31. Kf2 Kf7 32. Ra5 a6 33. Ra3 Rd7 34. Ke3 Rd6 35. g3 Rb6 36. b3 Rh6 37. h4 Rg6 38. Ra5 Rxg3+ 39. Kf4 Rh3 40. h5 Rh4+ 41. Kg3 Rd4 42. Rc5 Ke6 43. Rg5 Kf6 44. Rc5 Rd7 45. Kf4 g5+ 46. hxg6 hxg6 47. b4 g5+ 48. Ke3 Re7+ 49. Kf2 g4 50. a4 Bf3 51. Kg3 Re5 52. Rc7 Re1 53. Ra7 Re6 54. b5 axb5 55. axb5 Rb6 56. Rh7 Ke5 57. Rd7 Kf5 58. Rd8 Be2 59. Rc8 Rh6 60. Rf8+ Ke4 61. Re8+ Kd3 62. c5 Rh3+ 63. Kg2 Bf3+ 64. Kf2 Bd5 65. Kg1 g3 0-1

[Event "Prague Golden op 11th"]
[Site "Prague"]
[Date "2015.06.22"]
[Round "2"]
[White "Bonnez, Finn"]
[Black "Kalvach, Ladislav"]
[Result "1-0"]
[WhiteElo "1971"]
[BlackElo "1837"]
[PlyCount "121"]
[EventDate "2015.06.21"]
[EventType "swiss"]
[EventRounds "9"]
[EventCountry "CZE"]
[SourceTitle "CBM 167 Extra"]
[Source "ChessBase"]
[SourceDate "2015.09.14"]
[SourceVersion "1"]
[SourceVersionDate "2015.09.14"]
[SourceQuality "1"]

1. d4 Nf6 2. Nf3 e6 3. Bf4 d5 4. e3 Nbd7 5. Bd3 c5 6. c3 Be7 7. Nbd2 b6 8. Ne5 Bb7 9. Qf3 0-0 10. Qh3 g6 11. Ndf3 Nh5 12. Bh6 Ng7 13. Nxd7 Qxd7 14. Ne5 Qe8 15. f4 f5 16. Qf3 Bf6 17. h4 Bxe5 18. fxe5 Rf7 19. Be2 cxd4 20. exd4 Bc6 21. Qg3 Bb5 22. Bf3 Kh8 23. h5 f4 24. Bxg7+ Kxg7 25. Qh3 Bd3 26. Bg4 Bf5 27. hxg6 Bxg6 28. Bxe6 Re7 29. Bg4 Qb5 30. b3 a5 31. Qh6+ Kg8 32. Qxf4 Rf8 33. Qe3 Kh8 34. Be2 Qd7 35. Kd2 a4 36. Raf1 Rc8 37. Bd3 Rg7 38. Rf2 axb3 39. axb3 Ra8 40. Bxg6 Rxg6 41. Qh3 Qg7 42. Rc1 Rg3 43. Qh4 Rxg2 44. Rc2 Rf8 45. Rxg2 Qxg2+ 46. Kc1 Rf1+ 47. Kb2 Qg1 48. Qh6 b5 49. Rh2 Qg7 50. Qxg7+ Kxg7 51. Ka3 Kg6 52. Kb4 Rc1 53. Kc5 Rxc3+ 54. Kxd5 b4 55. Ke6 Rxb3 56. Rg2+ Kh5 57. d5 Rd3 58. d6 b3 59. d7 Kh4 60. Ke7 Kh3 61. Rb2 1-0

[Event "Copenhagen Whitsun op"]
[Site "Copenhagen"]
[Date "2014.06.05"]
[Round "2"]
[White "Kokholm, Daniel"]
[Black "Bonnez, Finn"]
[Result "0-1"]
[WhiteElo "1952"]
[BlackElo "1989"]
[PlyCount "60"]
[EventDate "2014.06.03"]
[EventType "swiss"]
[EventRounds "9"]
[EventCountry "DEN"]
[SourceTitle "EXT 2015"]
[Source "ChessBase"]
[SourceDate "2014.11.20"]
[SourceVersion "1"]
[SourceVersionDate "2014.11.20"]
[SourceQuality "1"]

1. e4 d6 2. f4 c5 3. Nf3 Nc6 4. Nc3 g6 5. Bb5 Bg7 6. Bxc6+ bxc6 7. d3 e6 8. 0-0 Ne7 9. Qe1 0-0 10. f5 exf5 11. Qh4 f6 12. Be3 Rb8 13. Na4 Rb7 14. Rad1 g5 15. Qe1 f4 16. Bd2 Qe8 17. Kh1 Qh5 18. Ng1 Ng6 19. Qf2 Bh6 20. Qe2 Bg4 21. Nf3 Ne5 22. c3 Be6 23. Be1 Rg7 24. b3 Nxf3 25. gxf3 g4 26. Rd2 gxf3 27. Qxf3 Bg4 28. Qf2 Kh8 29. Rc2 Rfg8 30. Bd2 Bf3+ 0-1

[Event "Copenhagen Bronshoj Sensommer op"]
[Site "Copenhagen"]
[Date "2013.09.26"]
[Round "7"]
[White "Petersen, Steen"]
[Black "Bonnez, Finn"]
[Result "1-0"]
[WhiteElo "2097"]
[BlackElo "2010"]
[PlyCount "71"]
[EventDate "2013.08.15"]
[EventType "swiss"]
[EventRounds "7"]
[EventCountry "DEN"]
[SourceTitle "EXT 2016"]
[Source "ChessBase"]
[SourceDate "2015.10.08"]
[SourceVersion "1"]
[SourceVersionDate "2015.10.08"]
[SourceQuality "1"]

1. e4 e5 2. Nf3 Nc6 3. Bb5 d6 4. 0-0 Bd7 5. c3 Nf6 6. Re1 Qe7 7. d4 a6 8. Ba4 h6 9. d5 Na7 10. Bxd7+ Qxd7 11. c4 g6 12. Nc3 Bg7 13. b4 0-0 14. a4 Rae8 15. Nd2 Nh7 16. c5 f5 17. Nc4 Nc8 18. Qd3 fxe4 19. Nxe4 Nf6 20. cxd6 cxd6 21. Ra2 Rd8 22. Nxf6+ Rxf6 23. Ne3 Kh7 24. h3 Rdf8 25. b5 axb5 26. axb5 Qd8 27. Nf1 R6f7 28. Be3 Qf6 29. Ng3 Kg8 30. Rc1 Rd7 31. b6 Qf7 32. Qb5 Rfd8 33. Ra8 Qe8 34. Rc7 Kh7 35. Raxc8 Rxc7 36. Rxd8 1-0

[Event "Kiel op-A 26th"]
[Site "Kiel"]
[Date "2013.08.02"]
[Round "9"]
[White "Voelzke, Ferdinand"]
[Black "Bonnez, Finn"]
[Result "1/2-1/2"]
[WhiteElo "2193"]
[BlackElo "2003"]
[PlyCount "149"]
[EventDate "2013.07.27"]
[EventType "swiss"]
[EventRounds "9"]
[EventCountry "GER"]
[SourceTitle "EXT 2018"]
[Source "ChessBase"]
[SourceDate "2017.10.13"]
[SourceVersion "1"]
[SourceVersionDate "2017.10.13"]
[SourceQuality "1"]

1. Nf3 Nf6 2. g3 d5 3. Bg2 c5 4. 0-0 e6 5. d4 Nc6 6. c4 dxc4 7. Qa4 Bd7 8. Qxc4 cxd4 9. Nxd4 Nxd4 10. Qxd4 Bc6 11. Qxd8+ Rxd8 12. Bxc6+ bxc6 13. Nc3 Be7 14. Be3 Rd7 15. Na4 Ng4 16. Rfc1 Nxe3 17. fxe3 Bg5 18. Kf2 Rd5 19. Rxc6 Rf5+ 20. Kg2 0-0 21. e4 Ra5 22. Rc4 Rd8 23. h4 Bf6 24. Kf3 h6 25. Rac1 Kh7 26. b3 g5 27. hxg5 Bxg5 28. R1c2 Kg6 29. Nc5 Rd1 30. a4 Rf1+ 31. Kg2 Ra1 32. b4 R5xa4 33. Nxa4 Rxa4 34. Kf3 Ra3+ 35. R4c3 Ra1 36. Rb3 Bd8 37. e3 Bb6 38. Rc8 Rf1+ 39. Kg2 Ra1 40. g4 Re1 41. Kf2 Rd1 42. Rc4 Kf6 43. Rc8 Rh1 44. Rg8 Rh2+ 45. Kf3 Rh1 46. b5 Re1 47. g5+ hxg5 48. e5+ Kxe5 49. Rxg5+ f5 50. Rh5 Kd5 51. Kf2 Rc1 52. Ke2 Kc4 53. Rb2 Rc3 54. Rh4+ Kd5 55. Rh3 Ke5 56. Rf3 Rc1 57. Rb3 Rc2+ 58. Kd3 Rc5 59. Rh3 Rd5+ 60. Ke2 Rc5 61. Kf3 Rc1 62. Rh2 Rf1+ 63. Ke2 Rc1 64. Kd2 Ra1 65. Rh4 Ra2+ 66. Kd3 Rg2 67. Ra4 Rg3 68. Ke2 Rh3 69. Rc4 Rh2+ 70. Kf3 Kd5 71. Rc6 Ke5 72. Rd3 Rh3+ 73. Ke2 Rh2+ 74. Kf3 Rh3+ 75. Ke2 1/2-1/2

[Event "Fredericia Glenco B"]
[Site "Fredericia"]
[Date "2013.05.05"]
[Round "5"]
[White "Bonnez, Finn"]
[Black "Christensen, Hans Ulrich"]
[Result "1/2-1/2"]
[WhiteElo "1973"]
[BlackElo "1951"]
[PlyCount "34"]
[EventDate "2013.05.03"]
[EventType "tourn"]
[EventRounds "5"]
[EventCountry "DEN"]
[SourceTitle "EXT 2023"]
[Source "ChessBase"]
[SourceDate "2022.10.05"]
[SourceVersion "1"]
[SourceVersionDate "2022.10.05"]
[SourceQuality "1"]

1. d4 Nf6 2. Nf3 c5 3. e3 e6 4. Nbd2 b6 5. c3 Be7 6. Bd3 Ba6 7. Qe2 Bxd3 8. Qxd3 cxd4 9. exd4 d5 10. Ne5 Nbd7 11. 0-0 Nxe5 12. dxe5 Nd7 13. f4 g6 14. Qe2 Qc7 15. Nf3 Rc8 16. Bd2 Qc4 17. Rfe1 Qxe2 1/2-1/2

[Event "DEN-ch qual1"]
[Site "Helsingor"]
[Date "2012.04.07"]
[Round "4"]
[White "Bonnez, Finn"]
[Black "Pedersen, Niels"]
[Result "1-0"]
[WhiteElo "1926"]
[BlackElo "1914"]
[PlyCount "57"]
[EventDate "2012.04.05"]
[EventType "swiss"]
[EventRounds "5"]
[EventCountry "DEN"]
[SourceTitle "EXT 2018"]
[Source "ChessBase"]
[SourceDate "2017.10.13"]
[SourceVersion "1"]
[SourceVersionDate "2017.10.13"]
[SourceQuality "1"]

1. d4 Nf6 2. Nf3 d5 3. Bf4 e6 4. e3 Bd6 5. Ne5 0-0 6. Bd3 c5 7. c3 Nc6 8. Bg3 cxd4 9. exd4 Qe7 10. Nd2 Nd7 11. f4 Bxe5 12. fxe5 f6 13. exf6 Nxf6 14. Nf3 Bd7 15. 0-0 Be8 16. Qc2 Bh5 17. Bh4 h6 18. Rae1 g5 19. Bg3 Bxf3 20. Rxf3 Rae8 21. Bg6 Rc8 22. Qe2 Nd8 23. Ref1 Nc6 24. Bb1 Rce8 25. Bd6 Qxd6 26. Rxf6 Rxf6 27. Rxf6 Re7 28. Qh5 Qd7 29. Rxh6 1-0

[Event "Edinburgh op"]
[Site "Edinburgh"]
[Date "2011.04.03"]
[Round "4"]
[White "Bonnez, Finn"]
[Black "Murdochy, Shivan"]
[Result "0-1"]
[WhiteElo "2024"]
[BlackElo "1824"]
[PlyCount "93"]
[EventDate "2011.04.01"]
[EventType "swiss"]
[EventRounds "5"]
[EventCountry "SCO"]
[SourceTitle "EXT 2013"]
[Source "ChessBase"]
[SourceDate "2012.11.22"]
[SourceVersion "1"]
[SourceVersionDate "2012.11.22"]
[SourceQuality "1"]

1. d4 Nf6 2. Nf3 e6 3. Bf4 c5 4. e3 b6 5. Nbd2 Bb7 6. c3 Be7 7. Bd3 d6 8. Qe2 cxd4 9. cxd4 Nbd7 10. 0-0 Nh5 11. Bg3 Nxg3 12. hxg3 0-0 13. e4 Nf6 14. Rad1 Rc8 15. Nh2 Re8 16. f4 Bf8 17. Ng4 Nxg4 18. Qxg4 Qe7 19. Qh3 g6 20. g4 Bg7 21. Qe3 Qd7 22. Nf3 f5 23. gxf5 exf5 24. e5 Bxf3 25. Qxf3 dxe5 26. dxe5 Qd4+ 27. Rf2 Qb4 28. Qd5+ Kh8 29. a3 Qc5 30. Ba6 Rcd8 31. Qxd8 Rxd8 32. Rxd8+ Bf8 33. b4 Qc1+ 34. Bf1 Kg8 35. e6 Qe3 36. Bc4 Kg7 37. Rd7+ Kh6 38. Rdd2 Be7 39. Kh2 Bh4 40. Rde2 Qg3+ 41. Kg1 Qc3 42. Ba2 Bxf2+ 43. Kxf2 Qd4+ 44. Kf3 Qd3+ 45. Re3 Qf1+ 46. Kg3 g5 47. fxg5+ 0-1

[Event "Edinburgh op"]
[Site "Edinburgh"]
[Date "2011.04.01"]
[Round "1"]
[White "Mitrovic, Boris"]
[Black "Bonnez, Finn"]
[Result "1-0"]
[WhiteElo "2140"]
[BlackElo "2024"]
[PlyCount "75"]
[EventDate "2011.04.01"]
[EventType "swiss"]
[EventRounds "5"]
[EventCountry "SCO"]
[SourceTitle "EXT 2013"]
[Source "ChessBase"]
[SourceDate "2012.11.22"]
[SourceVersion "1"]
[SourceVersionDate "2012.11.22"]
[SourceQuality "1"]

1. e4 e5 2. Nf3 d6 3. d4 exd4 4. Nxd4 Nc6 5. Nc3 Nf6 6. Bc4 Be7 7. f3 0-0 8. Be3 a6 9. Nxc6 bxc6 10. Qd2 Be6 11. Bb3 Qc8 12. 0-0-0 Rd8 13. Qf2 Bxb3 14. cxb3 Ne8 15. g4 Bf6 16. Bd4 Bxd4 17. Rxd4 Qe6 18. g5 c5 19. Rd2 Rdb8 20. h4 c4 21. bxc4 Qxc4 22. h5 Rb7 23. Qe3 Rab8 24. Kb1 c6 25. Rc1 Qe6 26. Ne2 c5 27. Nc3 a5 28. Nd5 f5 29. gxf6 Nxf6 30. Nxf6+ Qxf6 31. Qc3 Qh6 32. Rh1 Rb4 33. Rg2 Kf8 34. e5 R4b7 35. Rhg1 Qf4 36. exd6 Qxd6 37. Rd2 Qe7 38. h6 1-0

[Event "DEN-ch M5 Gr1"]
[Site "Koge"]
[Date "2005.??.??"]
[Round "5"]
[White "Bonnez, Finn"]
[Black "Nielsen, Michael1111"]
[Result "0-1"]
[WhiteElo "2045"]
[BlackElo "2135"]
[PlyCount "48"]
[EventDate "2005.03.24"]
[EventType "swiss"]
[EventRounds "5"]
[EventCountry "DEN"]
[SourceTitle "EXT 2018"]
[Source "ChessBase"]
[SourceDate "2017.10.13"]
[SourceVersion "1"]
[SourceVersionDate "2017.10.13"]
[SourceQuality "1"]

1. d4 f5 2. Bg5 g6 3. e3 Bg7 4. Bd3 Nf6 5. Nd2 Nc6 6. c3 e5 7. d5 Ne7 8. Bxf6 Bxf6 9. e4 d6 10. f3 c6 11. dxc6 bxc6 12. Ne2 Be6 13. Bc4 d5 14. Bb3 Qb6 15. Qc2 0-0 16. Rf1 Qe3 17. f4 exf4 18. Rf3 Qb6 19. Nxf4 fxe4 20. Nxe4 Bg4 21. Rf2 Be5 22. h3 Bf5 23. g4 Bxe4 24. Qxe4 Qxf2+ 0-1